Представление документа в формате MARC21

Поле Инд. ПП Название Значение
Тип записи a
Библиографический уровень m
001 Контрольный номер RU/IS/BASE/517405558
005 Дата корректировки 20260601125016.9
020 a ISBN 978-5-394-02186-2
080 a Индекс УДК 33
091 a Индекс ББК (DOS) У42я7
097 b Оператор *Ир*
100 1_ a Автор Памбухчиянц О.В.
245 10 a Заглавие Организация коммерческой деятельности
b Продолж. заглавия учебник для сред. проф. образования
b Продолж. заглавия в составе учебно-методического комплекса
260 a Место издания Москва
b Издательство Дашков и К
c Дата издания 2014
440 _0 a Серия УМК-У
516 8_ a Прим. о типе комп. файла/ данных Текст : электронный
a Прим. о типе комп. файла/ данных Режим доступа: по подписке
a Прим. о типе комп. файла/ данных Дата обращения: 01.06.2026
520 0_ a Аннотация Учебник подготовлен в соответствии с ФГОС СПО по специальности 100701 "Коммерция" (по отраслям). С учетом современного опыта рассматриваются основные этапы коммерческой деятельности в торговле. Для студентов и преподавателей образовательных учреждений среднего профессионального образования, а также специалистов коммерческих служб торговых организаций, начинающих предпринимателей и слушателей школ бизнеса.
535 1_ a Хранилище ЭБС Лань
583 a Действие Приписка : УМК
653 0_ a Ключевые слова Аукционы
a Ключевые слова Биржи
a Ключевые слова Договоры
a Ключевые слова Коммерческая деятельность
a Ключевые слова Коммерческая информация
a Ключевые слова Коммерческая тайна
a Ключевые слова Оптовые закупки
a Ключевые слова Реклама
a Ключевые слова Риски
a Ключевые слова Товарные запасы
a Ключевые слова Торговые организации
a Ключевые слова Ярмарки
653 0_ a Ключевые слова СПО
773 18 w Контрольный № источника 670889b046e0446f8c1d5bec5177257e
856 40 u URL https://e.lanbook.com/books/element.php?pl1_id=50259
901 t Тип документа m
905 a Дата создания записи 24.05.16
c Дата приписки 01.06.26